LEADER 01339nam a2200349 i 4500 001 991000810149707536 005 20020506124433.0 008 960226s1976 ne ||| | fre 035 $ab10132727-39ule_inst 035 $aLE00637214$9ExL 040 $aDip.to Fisica$bita 084 $a53(082.2) 084 $a53.3.11 084 $a53.3.16 084 $a530.1'43 084 $aQC174.45 111 2 $aLes Houches Ecole d'Eté de Physique Théorique sur l'analyse structurale des amplitudes de collision$0461076 245 10$aAnalyse structurale des amplitudes de collision :$bLes Houches, Haute Savoie, France, 1975 /$cedited by Roger Balian, D. Iagolnitzer 260 $aAmsterdam :$bNorth-Holland Publ. Co.,$c1976 300 $axix, 637 p. :$bill. ;$c23 cm. 650 4$aQuantum field theory 650 4$aRegge theory 650 4$aS-matrix theory 700 1 $aBalian, Roger 700 1 $aIagolnitzer, Daniel 710 2 $aLes Houches Ecole d'Eté de Physique Théorique 907 $a.b10132727$b02-04-14$c27-06-02 912 $a991000810149707536 945 $aLE006 53(042+082.2) LES$g1$i2006000033886$lle006$o-$pE0.00$q-$rl$s- $t0$u0$v0$w0$x0$y.i1015579x$z27-06-02 996 $aAnalyse structurale des amplitudes de collision$9186002 997 $aUNISALENTO 998 $ale006$b01-01-96$cm$da $e-$ffre$gne $h0$i1 LEADER 01474nam 2200385z- 450 001 9910689770603321 005 20161209104050.0 035 $a(CKB)5860000000022323 035 $a(BIP)011223067 035 $a(EXLCZ)995860000000022323 100 $a20220406c2004uuuu -u- - 101 0 $aeng 200 10$aEPA's resource conservation challenge $ehearing before the Subcommittee on Environment and Hazardous Materials of the Committee on Energy and Commerce, House of Representatives, One Hundred Eighth Congress, second session, May 20, 2004 215 $a1 online resource (iii, 28 p.) 311 $a0-16-073403-7 517 $aEPA's Resource Conservation Challenge 606 $aRecycling (Waste, etc.)$zUnited States 606 $aConservation of natural resources$zUnited States 606 $aWaste minimization$zUnited States 606 $aPublic-private sector cooperation$zUnited States 610 $aRecycling (waste, etc.) 610 $aConservation of natural resources 610 $aWaste minimization 610 $aPublic-private sector cooperation 610 $aNature 610 $aTechnology & engineering 610 $aBusiness & economics 615 0$aRecycling (Waste, etc.) 615 0$aConservation of natural resources 615 0$aWaste minimization 615 0$aPublic-private sector cooperation 906 $aBOOK 912 $a9910689770603321 996 $aEPA's resource conservation challenge$93134268 997 $aUNINA